[Event "Avoine op 37th"]
[Site "Avoine"]
[Date "2023.07.22"]
[Round "1"]
[White "Boulos, Carlos"]
[Black "Vlachos, Anatole"]
[Result "0-1"]
[WhiteElo "2060"]
[BlackElo "2454"]
[PlyCount "52"]
[EventDate "2023.07.22"]
[EventType "swiss"]
[EventRounds "9"]
[EventCountry "FRA"]
[SourceTitle "CBM 215 Extra"]
[Source "ChessBase"]
[SourceDate "2023.09.30"]
[SourceVersion "1"]
[SourceVersionDate "2023.09.30"]
[SourceQuality "1"]

1. e4 e5 2. Nf3 Nc6 3. Bc4 Bc5 4. d3 Nf6 5. Nc3 h6 6. Be3 Bxe3 7. fxe3 d6 8. 0-0 Na5 9. Bb3 c6 10. d4 Qe7 11. Qe1 Nxb3 12. axb3 0-0 13. dxe5 dxe5 14. Qg3 Re8 15. Ra5 b5 16. Qh4 Qc5 17. Re1 Bg4 18. Nd2 Rad8 19. Nf1 Rd7 20. Ra6 b4 21. Nd5 Nxe4 22. Nxb4 f5 23. h3 g5 24. Qxh6 Rd6 25. Rxc6 Qxc6 26. Nxc6 Rxh6 0-1

[Event "FRA-ch U18"]
[Site "Agen"]
[Date "2021.10.31"]
[Round "9"]
[White "Defromont, Benjamin"]
[Black "Boulos, Carlos"]
[Result "1/2-1/2"]
[WhiteElo "2250"]
[BlackElo "2129"]
[PlyCount "65"]
[EventDate "2021.10.22"]
[EventType "swiss"]
[EventRounds "9"]
[EventCountry "FRA"]
[SourceTitle "EXT 2023"]
[Source "ChessBase"]
[SourceDate "2022.10.05"]
[SourceVersion "1"]
[SourceVersionDate "2022.10.05"]
[SourceQuality "1"]

1. e4 e5 2. Nf3 Nc6 3. Bb5 a6 4. Ba4 Nf6 5. 0-0 Bc5 6. Nxe5 Nxe5 7. d4 0-0 8. dxc5 Qe7 9. Qd4 h6 10. Nc3 Nc6 11. Nd5 Nxd5 12. Qxd5 Re8 13. f3 Qf6 14. c3 Re5 15. Qc4 Rh5 16. g3 d6 17. cxd6 Bh3 18. Rf2 Qxd6 19. Bf4 Ne5 20. Qd4 Qxd4 21. cxd4 Nd3 22. Rc2 Nxf4 23. gxf4 Rd8 24. d5 c6 25. dxc6 bxc6 26. Bxc6 Rd3 27. e5 Bf5 28. Rf2 Rd4 29. Be4 Bxe4 30. fxe4 Rxe4 31. Rd1 Rf5 32. Rd5 g5 33. fxg5 1/2-1/2

[Event "Online Olym Div2 A"]
[Site "Chess.com INT"]
[Date "2021.09.02"]
[Round "3.2"]
[White "Boulos, Carlos"]
[Black "Nouri, Alekhine"]
[Result "1-0"]
[WhiteElo "2129"]
[BlackElo "2291"]
[PlyCount "89"]
[EventDate "2021.09.02"]
[EventType "team (rapid)"]
[EventRounds "9"]
[EventCountry "USA"]
[SourceTitle "CBM 204 Extra"]
[Source "ChessBase"]
[SourceDate "2021.11.30"]
[SourceVersion "1"]
[SourceVersionDate "2021.11.30"]
[SourceQuality "1"]
[WhiteTeam "Lebanon"]
[BlackTeam "Philippines"]
[WhiteTeamCountry "LBN"]
[BlackTeamCountry "PHI"]

1. e4 c5 2. Nf3 d6 3. Bb5+ Nd7 4. Ba4 Ngf6 5. 0-0 a6 6. c4 g6 7. Nc3 Bg7 8. d3 0-0 9. Bg5 Rb8 10. Qd2 Ng4 11. Nd5 f6 12. Bf4 Nge5 13. Ne1 b5 14. cxb5 axb5 15. Bc2 Bb7 16. Ne3 Nc6 17. Bg3 Nd4 18. f4 Nxc2 19. N1xc2 f5 20. exf5 gxf5 21. Rab1 Qe8 22. Ne1 Qh5 23. Nf3 h6 24. Kh1 Nf6 25. Qa5 Ng4 26. Nxg4 fxg4 27. Nh4 Bf6 28. Qe1 Bd5 29. f5 Bxh4 30. Bxh4 Rxf5 31. Qxe7 Rbf8 32. Rg1 R8f7 33. Qd8+ Kh7 34. Rbe1 Bxg2+ 35. Kxg2 g3 36. hxg3 Qg4 37. Kh2 Qd4 38. Re4 Rf2+ 39. Kh3 Qxb2 40. Rh1 Qxa2 41. Rg4 Rf8 42. Qe7+ R2f7 43. Qe4+ Kh8 44. Qg6 Qd2 45. Bf6+ 1-0

[Event "Online Olym Div4 A"]
[Site "Chess.com INT"]
[Date "2021.08.22"]
[Round "8.3"]
[White "Prasad, Rudr"]
[Black "Boulos, Carlos"]
[Result "0-1"]
[WhiteElo "1566"]
[BlackElo "2127"]
[PlyCount "108"]
[EventDate "2021.08.20"]
[EventType "team (rapid)"]
[EventRounds "11"]
[EventCountry "USA"]
[SourceTitle "CBM 203 Extra"]
[Source "ChessBase"]
[SourceDate "2021.09.30"]
[SourceVersion "1"]
[SourceVersionDate "2021.09.30"]
[SourceQuality "1"]
[WhiteTeam "Fiji"]
[BlackTeam "Lebanon"]
[WhiteTeamCountry "FIJ"]
[BlackTeamCountry "LBN"]

1. d4 d5 2. Bf4 e6 3. Nf3 Nf6 4. e3 c5 5. c3 Nc6 6. Bd3 Bd6 7. Bg3 0-0 8. Nbd2 b6 9. 0-0 Bb7 10. Ne5 Ne7 11. Ndf3 Ne4 12. Bxe4 dxe4 13. Nd2 Nf5 14. Qg4 Nxg3 15. hxg3 Bxe5 16. Nxe4 f5 17. Qh3 Bxe4 18. dxe5 c4 19. Rfd1 Qc7 20. f4 Rad8 21. g4 Qc5 22. gxf5 Bxf5 23. Qg3 Bc2 24. Rf1 Rd2 25. Rf2 Qd5 26. Qf3 Qxf3 27. Rxf3 Be4 28. Rf2 Rxf2 29. Kxf2 Rd8 30. Re1 Rd2+ 31. Re2 Rxe2+ 32. Kxe2 Bxg2 33. Kf2 Be4 34. b4 Kf7 35. a4 Kg6 36. Kg3 Kf5 37. Kh3 g5 38. fxg5 Kxg5 39. Kg3 h5 40. Kh3 Kf5 41. Kh4 Bf3 42. Kg3 Bg4 43. Kh4 Kxe5 44. Kg3 Ke4 45. Kf2 Kd3 46. e4 Kxc3 47. a5 Kxb4 48. axb6 axb6 49. Ke3 c3 50. Kd3 Kb3 51. Kd4 c2 52. e5 c1Q 53. Kd3 Qc4+ 54. Kd2 Qc3# 0-1

[Event "Titled Tuesday intern op 30th Mar"]
[Site "Chess.com INT"]
[Date "2021.03.30"]
[Round "1"]
[White "Danilov, Vladimir"]
[Black "Boulos, Carlos"]
[Result "1-0"]
[WhiteElo "2385"]
[BlackElo "2166"]
[PlyCount "67"]
[EventDate "2021.03.30"]
[EventType "swiss (blitz)"]
[EventRounds "11"]
[EventCountry "USA"]
[SourceTitle "CBM 201 Extra"]
[Source "ChessBase"]
[SourceDate "2021.05.31"]
[SourceVersion "1"]
[SourceVersionDate "2021.05.31"]
[SourceQuality "1"]

1. d4 d5 2. c4 e6 3. Nc3 Nf6 4. Bg5 Nbd7 5. e3 Be7 6. Nf3 0-0 7. Qc2 b6 8. cxd5 Nxd5 9. Nxd5 exd5 10. Bxe7 Qxe7 11. Qxc7 Qb4+ 12. Qc3 Qd6 13. Bd3 Bb7 14. 0-0 Rac8 15. Qd2 Nf6 16. Rac1 Ne4 17. Bxe4 dxe4 18. Ne5 f6 19. Nc4 Qd5 20. b3 Ba6 21. Qb4 Rc6 22. Rc3 Rfc8 23. Rfc1 Bb5 24. Nd2 a5 25. Rxc6 axb4 26. Rxc8+ Kf7 27. R1c7+ Kg6 28. Nc4 Ba6 29. Re8 Bxc4 30. Rxc4 Qa5 31. Rc2 Kh6 32. h3 Qb5 33. Rxe4 Qd3 34. Rh4+ 1-0

[Event "Titled Tuesday intern op 10th Nov"]
[Site "Chess.com INT"]
[Date "2020.11.10"]
[Round "2"]
[White "Boulos, Carlos"]
[Black "Golubovskis, Maksims"]
[Result "0-1"]
[WhiteElo "2166"]
[BlackElo "2302"]
[PlyCount "50"]
[EventDate "2020.11.10"]
[EventType "swiss (blitz)"]
[EventRounds "11"]
[EventCountry "USA"]
[SourceTitle "CBM 199 Extra"]
[Source "ChessBase"]
[SourceDate "2021.01.31"]
[SourceVersion "1"]
[SourceVersionDate "2021.01.31"]
[SourceQuality "1"]

1. e4 c5 2. Nc3 d6 3. f4 g6 4. Nf3 Bg7 5. Bb5+ Bd7 6. a4 Nc6 7. d3 Nf6 8. 0-0 a6 9. Bxc6 Bxc6 10. a5 0-0 11. Qe1 Nd7 12. Qh4 e6 13. Qg3 f5 14. e5 dxe5 15. fxe5 Bxf3 16. Qxf3 Nxe5 17. Qxb7 Qd4+ 18. Kh1 Ng4 19. Qf3 e5 20. h3 e4 21. dxe4 fxe4 22. Qxf8+ Rxf8 23. Rxf8+ Bxf8 24. hxg4 e3 25. Ra4 e2 0-1

[Event "Titled Tuesday intern op 10th Nov"]
[Site "Chess.com INT"]
[Date "2020.11.10"]
[Round "6"]
[White "Boulos, Carlos"]
[Black "Kairbekova, Amina"]
[Result "1-0"]
[WhiteElo "2166"]
[BlackElo "2065"]
[PlyCount "73"]
[EventDate "2020.11.10"]
[EventType "swiss (blitz)"]
[EventRounds "11"]
[EventCountry "USA"]
[SourceTitle "CBM 199 Extra"]
[Source "ChessBase"]
[SourceDate "2021.01.31"]
[SourceVersion "1"]
[SourceVersionDate "2021.01.31"]
[SourceQuality "1"]

1. e4 c5 2. Nc3 Nc6 3. f4 g6 4. Nf3 Bg7 5. Bb5 Nd4 6. a4 a6 7. Bc4 e6 8. e5 d5 9. exd6 Qxd6 10. d3 Ne7 11. Ne4 Qc7 12. c3 Nxf3+ 13. Qxf3 0-0 14. a5 Bd7 15. 0-0 Bc6 16. Qf2 Bxe4 17. dxe4 Qc6 18. Bd3 c4 19. Bc2 f5 20. exf5 Nxf5 21. Re1 Rad8 22. Qe2 Rd6 23. Be3 Rfd8 24. Rad1 Rxd1 25. Rxd1 Rxd1+ 26. Bxd1 Qe4 27. Bb6 Qxe2 28. Bxe2 Nd6 29. Bf3 Kf7 30. Bc5 Nc8 31. Bxb7 Ne7 32. Bxa6 Nd5 33. Bxc4 Nxf4 34. Ba6 e5 35. Bc4+ Ke8 36. a6 e4 37. a7 1-0

[Event "Titled Tuesday intern op 03rd Nov"]
[Site "Chess.com INT"]
[Date "2020.11.03"]
[Round "6"]
[White "Pantzar, Milton"]
[Black "Boulos, Carlos"]
[Result "1-0"]
[WhiteElo "2410"]
[BlackElo "2143"]
[PlyCount "71"]
[EventDate "2020.11.03"]
[EventType "swiss (blitz)"]
[EventRounds "11"]
[EventCountry "USA"]
[SourceTitle "CBM 199 Extra"]
[Source "ChessBase"]
[SourceDate "2021.01.31"]
[SourceVersion "1"]
[SourceVersionDate "2021.01.31"]
[SourceQuality "1"]

1. Nf3 Nf6 2. g3 b5 3. Bg2 Bb7 4. 0-0 e6 5. d4 Be7 6. a4 a6 7. Nbd2 0-0 8. c4 bxc4 9. Nxc4 d5 10. Na5 Bc8 11. Bd2 c5 12. dxc5 Bxc5 13. Rc1 Qb6 14. Nb3 Bb4 15. Be3 Qb7 16. Nc5 Qe7 17. Nd3 Bd6 18. b4 Bd7 19. Bc5 Nc6 20. b5 axb5 21. axb5 Na5 22. b6 Rab8 23. Nfe5 Rfc8 24. Bxd6 Qxd6 25. Rxc8+ Bxc8 26. Qa4 Qxb6 27. Ra1 Nb3 28. Rb1 Ba6 29. Nc1 Bc4 30. Nxc4 dxc4 31. Qxc4 Rd8 32. Nd3 Nd5 33. Rxb3 Qa5 34. Bxd5 exd5 35. Qb5 Qa1+ 36. Kg2 1-0

[Event "FRA-ch Blitz Online Qual"]
[Site "Europe Echecs INT"]
[Date "2020.05.16"]
[Round "5"]
[White "Boulos, Carlos"]
[Black "Cassam Chenai, Antoine"]
[Result "0-1"]
[WhiteElo "2147"]
[BlackElo "1839"]
[PlyCount "160"]
[EventDate "2020.05.16"]
[EventType "swiss (blitz)"]
[EventRounds "15"]
[EventCountry "FRA"]
[SourceTitle "CBM 196 Extra"]
[Source "ChessBase"]
[SourceDate "2020.07.31"]
[SourceVersion "1"]
[SourceVersionDate "2020.07.31"]
[SourceQuality "1"]

1. e4 c5 2. Nc3 Nc6 3. f4 g6 4. Nf3 Bg7 5. Bb5 Nd4 6. a4 e6 7. e5 Ne7 8. Ne4 0-0 9. c3 Nxb5 10. axb5 Nf5 11. 0-0 d5 12. Nxc5 d4 13. Kh1 Qb6 14. Ne4 dxc3 15. dxc3 Qxb5 16. Nd4 Nxd4 17. cxd4 Qd5 18. Nc3 Qd8 19. Be3 b6 20. Qf3 Bd7 21. Qb7 a5 22. d5 exd5 23. Qxd5 Bf5 24. Rfd1 Qb8 25. Nb5 Be6 26. Qd6 Qb7 27. Nc7 Bh3 28. Rd2 Rac8 29. Nd5 Be6 30. Nf6+ Bxf6 31. exf6 b5 32. Rad1 Qe4 33. Bc5 Bg4 34. Rg1 Rfe8 35. Qd4 Qc6 36. Be7 Qe6 37. Rf1 Rc4 38. Qd3 Bf5 39. Qg3 h5 40. Rfd1 Re4 41. h3 Re2 42. Rxe2 Qxe2 43. Re1 Qxb2 44. Qg5 Kh7 45. Rg1 Qe2 46. Bc5 Qe4 47. Kh2 Rc8 48. Be7 Rc4 49. Bf8 Qxf4+ 50. Qxf4 Rxf4 51. Ra1 Ra4 52. Rc1 Rc4 53. Ra1 a4 54. Kg3 Kg8 55. Be7 Kh7 56. Kf2 Kh6 57. Rd1 Kg5 58. Ra1 Kf4 59. Bd6+ Kg5 60. Be7 Bc2 61. g3 Bb3 62. h4+ Kf5 63. Bd8 Rc2+ 64. Ke3 b4 65. Rf1+ Kg4 66. Be7 Rc4 67. Bd6 a3 68. Kd3 a2 69. Ra1 Rc3+ 70. Kd2 Rc4 71. Be5 Re4 72. Bb2 Bc4 73. Rg1 Re2+ 74. Kc1 b3 75. Be5 Rc2+ 76. Kd1 Kf5 77. Ba1 Ke4 78. Re1+ Kf3 79. Bd4 Be2+ 80. Rxe2 Rxe2 0-1

[Event "FRA-ch Blitz Online Qual"]
[Site "Europe Echecs INT"]
[Date "2020.05.16"]
[Round "8"]
[White "Breuil, Virgile"]
[Black "Boulos, Carlos"]
[Result "0-1"]
[WhiteElo "1622"]
[BlackElo "2147"]
[PlyCount "86"]
[EventDate "2020.05.16"]
[EventType "swiss (blitz)"]
[EventRounds "15"]
[EventCountry "FRA"]
[SourceTitle "CBM 196 Extra"]
[Source "ChessBase"]
[SourceDate "2020.07.31"]
[SourceVersion "1"]
[SourceVersionDate "2020.07.31"]
[SourceQuality "1"]

1. e4 e5 2. Nc3 Nc6 3. Bc4 Nf6 4. d3 Na5 5. Bb3 Nxb3 6. axb3 Bc5 7. Nf3 d6 8. 0-0 h6 9. d4 exd4 10. Nxd4 0-0 11. Be3 a6 12. Re1 Re8 13. f3 Bd7 14. Bf2 Qe7 15. Nd5 Nxd5 16. exd5 Qf6 17. c3 Rxe1+ 18. Qxe1 Re8 19. Qd2 Re5 20. b4 Bb6 21. f4 Rxd5 22. Rd1 c5 23. bxc5 dxc5 24. c4 Rxd4 25. Bxd4 cxd4 26. b4 Bg4 27. Re1 Bc7 28. g3 Bf3 29. Qd3 Bc6 30. b5 axb5 31. cxb5 Bd7 32. Rc1 Bb6 33. Ra1 g6 34. Ra8+ Kg7 35. Ra1 Bf5 36. Qd1 d3+ 37. Kg2 Be4+ 38. Kf1 Qf5 39. Ke1 Bd4 40. Ra4 Bc3+ 41. Kf2 Qc5+ 42. Kf1 Bf5 43. Qb3 Bh3# 0-1

[Event "FRA-ch Blitz Online Qual"]
[Site "Europe Echecs INT"]
[Date "2020.05.16"]
[Round "4"]
[White "Sureau, Corentin"]
[Black "Boulos, Carlos"]
[Result "0-1"]
[WhiteElo "1686"]
[BlackElo "2147"]
[PlyCount "118"]
[EventDate "2020.05.16"]
[EventType "swiss (blitz)"]
[EventRounds "15"]
[EventCountry "FRA"]
[SourceTitle "CBM 196 Extra"]
[Source "ChessBase"]
[SourceDate "2020.07.31"]
[SourceVersion "1"]
[SourceVersionDate "2020.07.31"]
[SourceQuality "1"]

1. e4 e5 2. Nf3 Nc6 3. Bc4 Bc5 4. c3 Nf6 5. d4 exd4 6. e5 d5 7. Bb5 Ne4 8. cxd4 Bb6 9. Nc3 0-0 10. Bxc6 bxc6 11. 0-0 Bg4 12. h3 Bh5 13. Na4 f6 14. Nxb6 axb6 15. exf6 Qxf6 16. g4 Qxf3 17. Qxf3 Rxf3 18. Kg2 Raf8 19. gxh5 Rxf2+ 20. Rxf2 Rxf2+ 21. Kg1 Rf5 22. h6 gxh6 23. Bxh6 c5 24. Rc1 Kf7 25. a4 c4 26. b3 c3 27. Rf1 Ng3 28. Rxf5+ Nxf5 29. Bc1 Nxd4 30. b4 Ne2+ 31. Kf2 Nd4 32. a5 bxa5 33. bxa5 Nc6 34. a6 d4 35. Ke2 Ke6 36. Kd3 Kd5 37. Bf4 Nb4+ 38. Ke2 Nxa6 39. Kd3 Nb4+ 40. Ke2 d3+ 41. Kd1 c5 42. Bc7 Kc4 43. Kc1 Na2+ 44. Kd1 c2+ 45. Ke1 c1Q+ 46. Kf2 Qd2+ 47. Kg3 Nc3 48. Bf4 Ne4+ 49. Kg4 Qg2+ 50. Kf5 d2 51. Bxd2 Nxd2 52. h4 Qf3+ 53. Kg5 Ne4+ 54. Kh6 Qf4+ 55. Kh5 Qf5+ 56. Kh6 Kd5 57. h5 Qg5+ 58. Kxh7 Nf6+ 59. Kh8 Qg8# 0-1

[Event "Noisiel op 5th"]
[Site "Noisiel"]
[Date "2020.02.15"]
[Round "1"]
[White "Dimitrov, Radoslav"]
[Black "Boulos, Carlos"]
[Result "1-0"]
[WhiteElo "2519"]
[BlackElo "2137"]
[PlyCount "91"]
[EventDate "2020.02.15"]
[EventType "swiss"]
[EventRounds "9"]
[EventCountry "FRA"]
[SourceTitle "CBM 195 Extra"]
[Source "ChessBase"]
[SourceDate "2020.05.31"]
[SourceVersion "1"]
[SourceVersionDate "2020.05.31"]
[SourceQuality "1"]

1. Nc3 Nf6 2. e4 e5 3. Bc4 Nc6 4. d3 Bc5 5. Bg5 h6 6. Bh4 Be7 7. Bg3 d6 8. a3 0-0 9. h3 a6 10. Nge2 Be6 11. Nd5 Bxd5 12. exd5 Nb8 13. Nc3 Nbd7 14. 0-0 Nh7 15. Ne2 f5 16. f4 Kh8 17. Bh2 g5 18. fxe5 dxe5 19. d4 f4 20. dxe5 Bc5+ 21. Kh1 Nxe5 22. Bb3 Nf6 23. Nd4 Bxd4 24. Qxd4 Qd6 25. Rad1 c5 26. dxc6 Qxd4 27. Rxd4 Nxc6 28. Rd6 Kg7 29. g3 fxg3 30. Bxg3 Ne4 31. Rd7+ Kg6 32. Rxf8 Rxf8 33. Kg2 Nxg3 34. Kxg3 b5 35. c4 Ne5 36. Bc2+ Kf6 37. Rd6+ Ke7 38. c5 Rc8 39. b4 Rc6 40. Rxc6 Nxc6 41. Be4 Nd8 42. Kg4 Kf6 43. Bd5 Ke5 44. c6 Kd6 45. Kh5 Kc7 46. Kxh6 1-0

[Event "FRA-ch U16"]
[Site "Hyeres"]
[Date "2019.04.16"]
[Round "4"]
[White "Dalaud, Dorian"]
[Black "Boulos, Carlos"]
[Result "0-1"]
[WhiteElo "2167"]
[BlackElo "2193"]
[PlyCount "116"]
[EventDate "2019.04.14"]
[EventType "swiss"]
[EventRounds "9"]
[EventCountry "FRA"]
[SourceTitle "CBM 190 Extra"]
[Source "ChessBase"]
[SourceDate "2019.07.15"]
[SourceVersion "1"]
[SourceVersionDate "2019.07.15"]
[SourceQuality "1"]

1. e4 e5 2. Nf3 Nc6 3. d4 exd4 4. Nxd4 Bc5 5. Nb3 Bb6 6. Nc3 d6 7. a4 a6 8. Nd5 Ba7 9. Be2 Nge7 10. Bg5 0-0 11. 0-0 f6 12. Bh4 Ng6 13. Bg3 Kh8 14. Kh1 Be6 15. Qd2 Qd7 16. f4 f5 17. exf5 Bxf5 18. Bd3 Nge7 19. Nxe7 Qxe7 20. Rae1 Qf6 21. Bxf5 Qxf5 22. Bf2 Qxf4 23. Bxa7 Qxd2 24. Rxf8+ Rxf8 25. Nxd2 Nxa7 26. Re7 Rc8 27. Nf3 Nc6 28. Rd7 Kg8 29. h4 Nb8 30. Re7 Kf8 31. Re3 Re8 32. Rxe8+ Kxe8 33. Ng5 Ke7 34. Nxh7 Nc6 35. Kg1 Nd4 36. c3 Ne6 37. Kf2 Kf7 38. Ke3 Kg6 39. Ng5 Nxg5 40. hxg5 Kxg5 41. a5 Kg4 42. Ke4 Kg3 43. Kf5 Kxg2 44. Kg6 Kf3 45. Kxg7 Ke4 46. Kf6 Kd3 47. Ke6 Kc2 48. Kd7 b5 49. b4 Kxc3 50. Kxc7 Kxb4 51. Kb6 d5 52. Kxa6 d4 53. Kb6 d3 54. a6 d2 55. a7 d1Q 56. a8Q Qd6+ 57. Ka7 Qc7+ 58. Ka6 Qa5+ 0-1

[Event "Wch U14"]
[Site "Porto Carras"]
[Date "2018.10.28"]
[Round "9.31"]
[White "Boulos, Carlos"]
[Black "Galkin, Gleb"]
[Result "0-1"]
[WhiteElo "2003"]
[BlackElo "2134"]
[PlyCount "118"]
[EventDate "2018.10.20"]
[EventType "swiss"]
[EventRounds "11"]
[EventCountry "GRE"]
[SourceTitle "CBM 187 Extra"]
[Source "ChessBase"]
[SourceDate "2018.11.04"]
[SourceVersion "1"]
[SourceVersionDate "2018.11.04"]
[SourceQuality "1"]

1. e4 e5 2. Nf3 Nc6 3. Nc3 Nf6 4. Bb5 Bb4 5. 0-0 0-0 6. d3 d6 7. Bg5 Ne7 8. Nh4 c6 9. Bxf6 gxf6 10. Bc4 d5 11. Bb3 Bxc3 12. bxc3 dxe4 13. dxe4 Qxd1 14. Raxd1 Ng6 15. Nxg6 hxg6 16. Rd6 Kg7 17. f4 a5 18. fxe5 fxe5 19. Bc4 f5 20. h3 f4 21. Kf2 g5 22. Rfd1 a4 23. Be6 Bxe6 24. Rxe6 Rfd8 25. Red6 Rxd6 26. Rxd6 Ra5 27. Kf3 Rc5 28. Rd3 Kf6 29. Kg4 Rc4 30. Rd6+ Ke7 31. Rd2 Rxc3 32. Kxg5 Ke6 33. h4 Rg3+ 34. Kh6 b5 35. h5 c5 36. Kh7 c4 37. h6 c3 38. Rd5 Rxg2 39. Rxb5 f3 40. Rb8 Ke7 41. Rb7+ Kd6 42. Rf7 Kc5 43. Rxf3 Kb4 44. a3+ Kc4 45. Kh8 Rxc2 46. h7 Rh2 47. Kg7 c2 48. Rf7 Kb3 49. Rc7 Kb2 50. h8Q Rxh8 51. Kxh8 c1Q 52. Rxc1 Kxc1 53. Kg7 Kb2 54. Kf6 Kxa3 55. Kxe5 Kb4 56. Kd6 a3 57. e5 a2 58. e6 a1Q 59. e7 Qa4 0-1

[Event "Wch U14"]
[Site "Porto Carras"]
[Date "2018.10.23"]
[Round "5"]
[White "Juhasz, Agoston Botond"]
[Black "Boulos, Carlos"]
[Result "1-0"]
[WhiteElo "2174"]
[BlackElo "2003"]
[PlyCount "71"]
[EventDate "2018.10.20"]
[EventType "swiss"]
[EventRounds "11"]
[EventCountry "GRE"]
[SourceTitle "CBM 187 Extra"]
[Source "ChessBase"]
[SourceDate "2018.11.04"]
[SourceVersion "1"]
[SourceVersionDate "2018.11.04"]
[SourceQuality "1"]

1. e4 e5 2. Nf3 Nc6 3. Nc3 Nf6 4. Bb5 Bd6 5. d3 a6 6. Ba4 0-0 7. Bg5 h6 8. Bh4 b5 9. Bb3 Be7 10. 0-0 Re8 11. Re1 d6 12. a3 Bg4 13. Ne2 Bxf3 14. gxf3 g5 15. Bg3 h5 16. Qd2 Nh7 17. Bd5 Qd7 18. Qc3 Nd4 19. Nxd4 exd4 20. Qb3 h4 21. Bxf7+ Kg7 22. Bxe8 Rxe8 23. a4 Qh3 24. axb5 Rh8 25. e5 g4 26. Qe6 hxg3 27. Qxe7+ Kg6 28. Qe6+ Kh5 29. Qxg4+ Qxg4 30. fxg4+ Kxg4 31. Re4+ Kh3 32. fxg3 Ng5 33. Rh4+ Rxh4 34. gxh4 Nf3+ 35. Kf2 Nxe5 36. bxa6 1-0

[Event "Wch U14"]
[Site "Porto Carras"]
[Date "2018.10.21"]
[Round "3"]
[White "Boulos, Carlos"]
[Black "Bjerre, Jonas Buhl"]
[Result "1/2-1/2"]
[WhiteElo "2003"]
[BlackElo "2438"]
[PlyCount "77"]
[EventDate "2018.10.20"]
[EventType "swiss"]
[EventRounds "11"]
[EventCountry "GRE"]
[SourceTitle "CBM 187 Extra"]
[Source "ChessBase"]
[SourceDate "2018.11.04"]
[SourceVersion "1"]
[SourceVersionDate "2018.11.04"]
[SourceQuality "1"]

1. e4 c5 2. Nc3 Nc6 3. f4 g6 4. Nf3 Bg7 5. Bb5 Nd4 6. a4 e6 7. e5 a6 8. Bc4 d5 9. exd6 Qxd6 10. d3 Nf6 11. Ne4 Nxe4 12. dxe4 Qc6 13. Qd3 Nxf3+ 14. Qxf3 b6 15. 0-0 Bb7 16. Re1 0-0 17. c3 b5 18. Bd3 c4 19. Bc2 b4 20. cxb4 Qb6+ 21. Qf2 Qxb4 22. Be3 Rfd8 23. Bc5 Qxc5 24. Qxc5 Bd4+ 25. Qxd4 Rxd4 26. Rad1 Rad8 27. Rxd4 Rxd4 28. Kf2 a5 29. Ke3 Rd6 30. Rb1 f5 31. exf5 exf5 32. g3 Rb6 33. Kd4 Rb4 34. Kc3 Bc6 35. Rd1 Bxa4 36. Bxa4 Rxa4 37. Rd8+ Kg7 38. Rc8 Ra1 39. Rxc4 1/2-1/2

[Event "Wch U14"]
[Site "Porto Carras"]
[Date "2018.10.21"]
[Round "2"]
[White "Trifan, Andrei Ioan"]
[Black "Boulos, Carlos"]
[Result "0-1"]
[WhiteElo "2290"]
[BlackElo "2003"]
[PlyCount "92"]
[EventDate "2018.10.20"]
[EventType "swiss"]
[EventRounds "11"]
[EventCountry "GRE"]
[SourceTitle "CBM 187 Extra"]
[Source "ChessBase"]
[SourceDate "2018.11.04"]
[SourceVersion "1"]
[SourceVersionDate "2018.11.04"]
[SourceQuality "1"]

1. e4 e5 2. Nf3 Nc6 3. Bb5 f5 4. d4 fxe4 5. Bxc6 dxc6 6. Nxe5 Nf6 7. 0-0 Bd6 8. Nc3 0-0 9. Bg5 Bxe5 10. dxe5 Qxd1 11. Raxd1 Ng4 12. Nxe4 Nxe5 13. Rfe1 Bf5 14. Ng3 Rae8 15. Nxf5 Rxf5 16. Bd8 Rf7 17. Re3 Kf8 18. Bh4 Nd7 19. Bg3 Rxe3 20. fxe3 Nf6 21. Rd8+ Ke7 22. Rb8 b6 23. Rb7 Kd8 24. Rxa7 Ne4 25. Ra8+ Kd7 26. Bxc7 Rf2 27. Bxb6 Rxc2 28. h4 Rxb2 29. Bd4 Rb1+ 30. Kh2 g6 31. Ra7+ Ke6 32. Rc7 Kd6 33. Rxh7 c5 34. Bh8 c4 35. Rh6 c3 36. Rxg6+ Kd5 37. Bxc3 Nxc3 38. h5 Nxa2 39. h6 Rb8 40. g4 Ke5 41. g5 Kf5 42. Rg7 Kg4 43. Kg2 Nc3 44. h7 Rb2+ 45. Kf1 Kg3 46. Ke1 Kg2 0-1

[Event "Wch U12"]
[Site "Batumi"]
[Date "2016.10.28"]
[Round "9"]
[White "Ayoub, Georges Gaspard"]
[Black "Boulos, Carlos"]
[Result "1/2-1/2"]
[WhiteElo "1674"]
[BlackElo "1794"]
[PlyCount "78"]
[EventDate "2016.10.19"]
[EventType "swiss"]
[EventRounds "11"]
[EventCountry "GEO"]
[SourceTitle "EXT 2018"]
[Source "ChessBase"]
[SourceDate "2017.10.13"]
[SourceVersion "1"]
[SourceVersionDate "2017.10.13"]
[SourceQuality "1"]

1. e4 e5 2. Nf3 d6 3. d4 exd4 4. Nxd4 Nf6 5. Nc3 Be7 6. Bc4 Nbd7 7. 0-0 0-0 8. h3 Nb6 9. Be2 Re8 10. a4 a6 11. f4 Bf8 12. Bf3 c6 13. b3 g6 14. Qd3 Bg7 15. Ba3 Qc7 16. Qd2 Bd7 17. Rad1 c5 18. Nde2 Nc8 19. Nd5 Nxd5 20. Qxd5 Bc6 21. Qd3 b5 22. Kh1 Rb8 23. axb5 axb5 24. Ng3 b4 25. Bc1 Bb5 26. Qd5 Bxf1 27. Nxf1 Bd4 28. Be3 h6 29. Qc4 Nb6 30. Qb5 Bxe3 31. Nxe3 Rbd8 32. Nc4 Nxc4 33. Qxc4 Re7 34. h4 Rde8 35. h5 Re6 36. Qd5 Qe7 37. g3 Qf8 38. Kh2 Qg7 39. Re1 Qc3 1/2-1/2

[Event "Wch U12"]
[Site "Batumi"]
[Date "2016.10.26"]
[Round "7"]
[White "Boulos, Carlos"]
[Black "Oosthuizen, Michal Jacobus"]
[Result "1-0"]
[WhiteElo "1794"]
[BlackElo "1329"]
[PlyCount "36"]
[EventDate "2016.10.19"]
[EventType "swiss"]
[EventRounds "11"]
[EventCountry "GEO"]
[SourceTitle "EXT 2018"]
[Source "ChessBase"]
[SourceDate "2017.10.13"]
[SourceVersion "1"]
[SourceVersionDate "2017.10.13"]
[SourceQuality "1"]

1. e4 c6 2. d4 d5 3. exd5 cxd5 4. Bd3 Nc6 5. c3 Nf6 6. Ne2 Bg4 7. f3 Bh5 8. 0-0 Bg6 9. Ng3 e6 10. f4 Bxd3 11. Qxd3 Bd6 12. f5 Qd7 13. Nd2 0-0-0 14. fxe6 fxe6 15. b4 Ne7 16. Nb3 Bxg3 17. Qxg3 g5 18. Qd3 Rdf8 1-0

[Event "Wch U12"]
[Site "Batumi"]
[Date "2016.10.19"]
[Round "1"]
[White "Boulos, Carlos"]
[Black "Gharibyan, Mamikon"]
[Result "0-1"]
[WhiteElo "1794"]
[BlackElo "2263"]
[PlyCount "79"]
[EventDate "2016.10.19"]
[EventType "swiss"]
[EventRounds "11"]
[EventCountry "GEO"]
[SourceTitle "EXT 2018"]
[Source "ChessBase"]
[SourceDate "2017.10.13"]
[SourceVersion "1"]
[SourceVersionDate "2017.10.13"]
[SourceQuality "1"]

1. e4 c5 2. Nc3 Nc6 3. Bc4 e6 4. f4 Nge7 5. Bb3 d5 6. e5 c4 7. Ba4 Nf5 8. Nf3 Bd7 9. 0-0 Bc5+ 10. Kh1 h5 11. g3 a6 12. Bxc6 Bxc6 13. d4 cxd3 14. cxd3 d4 15. Ne4 Be7 16. Bd2 Qd5 17. Qe2 Rc8 18. Kg1 Qb5 19. b4 Qa4 20. Rfc1 Qa3 21. Rc4 Rd8 22. Bc1 Qa4 23. Nc5 Bxc5 24. bxc5 Qa5 25. Nd2 Bb5 26. Nb3 Qc7 27. Rb4 Bc6 28. Bb2 Qe7 29. Rc1 g5 30. Nxd4 Nxd4 31. Bxd4 gxf4 32. Bf2 fxg3 33. hxg3 Qg5 34. Re1 Qf5 35. Rh4 Rxd3 36. g4 Rg8 37. Kh2 Rxg4 38. Rxg4 hxg4 39. Kg1 Rh3 40. Qd1 0-1